Central Library OPAC University of Rajshahi

Teacher development : (Record no. 60424)

MARC details
000 -LEADER
fixed length control field 00611nam a2200193 a 4500
001 - CONTROL NUMBER
control field 60424
003 - CONTROL NUMBER IDENTIFIER
rucl marc code BD-RjUL
005 - DATE AND TIME OF LATEST TRANSACTION
control field 20211209080834.0
008 - FIXED-LENGTH DATA ELEMENTS--GENERAL INFORMATION
fixed length control field 161231s1994 enka 00000 eng d
035 ## - SYSTEM CONTROL NUMBER
System control number (BD-RjUL)60548
040 ## - CATALOGING SOURCE
Original cataloging agency ANL
Language of cataloging eng
Modifying agency ANL
Transcribing agency BD-RjUL
041 ## - LANGUAGE CODE
Language code of text/sound track or separate title eng
082 ## - DEWEY DECIMAL CLASSIFICATION NUMBER
Edition number 23
Classification number 420.711
Author mark and year TEA 1994
245 10 - TITLE STATEMENT
Title Teacher development :
Remainder of title making the right moves /
Statement of responsibility, etc. Edited by Thomas Kral
260 ## - PUBLICATION, DISTRIBUTION, ETC. (IMPRINT)
Place of publication, distribution, etc. United states :
Name of publisher, distributor, etc. English teaching forum 1989-1993,
Date of publication, distribution, etc. c1994
300 ## - PHYSICAL DESCRIPTION
Pagination 278 p. :
Illustrations ill. ;
Size 16 cm.
650 ## - SUBJECT ADDED ENTRY--TOPICAL TERM
Topical term or geographic name as entry element English language
Form subdivision Study and teaching
General subdivision Foreign speakers.
9 (RLIN) 179820
942 ## - ADDED ENTRY ELEMENTS (KOHA)
Source of classification or shelving scheme Dewey Decimal Classification
Koha item type Books
Holdings
Lost status Source of classification or shelving scheme Damaged status Not for loan Collection code Permanent Location Current Location Shelving location Date acquired Total Checkouts Full call number Date last seen Copy number Koha item type
  Dewey Decimal Classification   Not For Loan Non-fiction Central Library, University of Rajshahi Central Library, University of Rajshahi Reading Room 30/11/1996   420.711 TEA 1994 31/12/2016 C-1 Books